000 01350naa a22003977a 4500
001 BR9212421
003 BR-BrBNA
005 20240918181639.0
007 ta
008 230509b bl.||||| |||| 00| 0 por d
040 _aBR-BrBNA
_bpor
_cBiblioteca Nacional de Agricultura
041 _a(Pt)
072 _aF62; K10
_b0490
_b3290
_b0930
090 _aF62 BR9212421
100 1 _aAbrahao, D.Z.
100 1 _aFigliolia, M.B.
100 1 _aPompeia, S.L.
100 1 _aMartins, S.E.
100 1 _aSantos, R.C.
100 1 _aPradella, J.G.C.
111 1 _a2. Simposio Brasileiro sobre Tecnologia de Sementes Florestais
_cAtibaia, SP (Brazil)
_d16-19 Oct 1989
245 1 _aGerminacao de sementes peletizadas de essencias arboreas da Serra do Mar
260 3 _aSao Paulo, SP (Brasil):
_c1991.
500 _aAnais do 2. Simposio Brasileiro sobre Tecnologia de Sementes Floretais Sao Paulo, SP (Brasil): 1991. p. 16 (BR9212421-AM)F62
650 _aRami
650 _aImbauba
650 _aJacatirao
650 _aFigo
650 _aSemente
650 _aGerminacao
650 _aEssencia Florestal
650 _aPeletizacao
773 0 _tAnais do 2. Simposio Brasileiro sobre Tecnologia de Sementes Floretais
_wF62 BR9212421
_gSao Paulo, SP (Brasil), 1991. p. 16
909 _a202404
_bLucia
_c55
_dLucia Elande
942 _cAM
_2AGRIS
999 _c326197
_d326197